The 'near miracle' revisited : social science perspectives of the immunization programme in Bangladesh /

Detaylı Bibliyografya
Diğer Yazarlar: Chowdhury, A. M. Raza (Editör), Aziz, K. M. Ashraful (Editör), Bhuiya, Abbas (Editör)
Materyal Türü: Kitap
Dil:English
Baskı/Yayın Bilgisi: Amsterdam : Het Spinhuis, c1999.
Seri Bilgileri:Social science and immunization series.
Konular:
Classic Catalogue: View this record in Classic Catalogue
LEADER 02594nam a22004094a 4500
001 44395
003 BD-DhAAL
005 20251020140945.0
008 250424t1999 ne a b 000 0 eng d
010 |a  00416770  
020 |a 9055891576 
020 |a 9789055891573 
040 |a DLC  |c DLC  |d DLC  |d BD-DhAAL 
042 |a pcc 
043 |a a-bg--- 
050 0 0 |a RA638  |b .C568 1999 
082 0 0 |a 614.47095492  |2 22 
245 1 4 |a The 'near miracle' revisited :  |b social science perspectives of the immunization programme in Bangladesh /  |c edited by A. Mushtaque R. Chowdhury, K.M.A. Aziz, Abbas Bhuiya. 
260 |a Amsterdam :  |b Het Spinhuis,  |c c1999. 
300 |a xi, 138 pages :  |b illustrations ;  |c 23 cm 
490 |a Social science and immunization series 
504 |a Includes bibliographical references (pages [117]-122). 
541 |a Complimentary copy from Dr. Ahmed Mushtaque Raza Chowdhury (Former Vice Chairperson of BRAC)  |e 44395, 44396 
650 0 |a Immunization  |z Bangladesh.  |9 41844 
650 0 |a Immunization  |x Government policy  |z Bangladesh.  |9 41845 
650 0 |a Immunization  |x Social aspects  |z Bangladesh.  |9 41846 
650 0 |a Immunization of children  |x Economic aspects  |z Bangladesh.  |9 58185 
650 0 |a Immunization of children  |x Government policy  |z Bangladesh.  |9 58186 
700 1 |a Chowdhury, A. M. Raza,  |e editor. 
700 1 |a Aziz, K. M. Ashraful,  |e editor. 
700 1 |a Bhuiya, Abbas  |e editor. 
830 |a Social science and immunization series.  |9 58187 
852 |a Ayesha Abed Library  |c Ahmed Mushtaque Raza Chowdhury Collection 
942 |2 ddc  |c BK 
999 |c 47291  |d 47291 
952 |0 0  |1 0  |2 ddc  |4 0  |6 614_470954920000000_NEA  |7 1  |9 77664  |a BRACUL  |b BRACUL  |c AMRC  |d 2025-04-24  |e Complimentary copy from Dr. Ahmed Mushtaque Raza Chowdhury (Former Vice Chairperson of BRAC)  |l 0  |o 614.47095492 NEA  |p 3010044395  |r 2025-04-24  |t 1  |w 2025-04-24  |y BK  |x Complimentary copy received from Dr. Ahmed Mushtaque Raza Chowdhury (Former Vice Chairperson of BRAC) on 17 April 2025 ; The University Librarian instructed to process the photocopy of the book because the author is the copyright recipient. 
952 |0 0  |1 0  |2 ddc  |4 0  |6 614_470954920000000_NEA  |7 1  |9 77665  |a BRACUL  |b BRACUL  |c AMRC  |d 2025-04-24  |e Complimentary copy from Dr. Ahmed Mushtaque Raza Chowdhury (Former Vice Chairperson of BRAC)  |l 0  |o 614.47095492 NEA  |p 3010044396  |r 2025-04-24  |t 2  |w 2025-04-24  |y BK  |x Complimentary copy received from Dr. Ahmed Mushtaque Raza Chowdhury (Former Vice Chairperson of BRAC) on 17 April 2025 ; The University Librarian instructed to process the photocopy of the book because the author is the copyright recipient.